| 000 | 00619nam a22002057a 4500 | ||
|---|---|---|---|
| 999 |
_c7303 _d7303 |
||
| 003 | OSt | ||
| 005 | 20210930115145.0 | ||
| 008 | 210930b ||||| |||| 00| 0 eng d | ||
| 020 | _a0071243429 | ||
| 040 | _cDDC | ||
| 082 | _a621.381KAN 2005 | ||
| 100 |
_aKang,Sung-Mo; Leblebici,Yusuf; _914983 |
||
| 245 |
_aCMOS Digital Integrated Circuits. _bAnalysis and Design. _cEdited by Kang,Sung-Mo and Leblebici,Yusuf; |
||
| 250 | _a3rd Ed. | ||
| 260 |
_aNew York. _bMcGraw.Hill. _c2005 |
||
| 300 |
_axvi,655p; _bill; _c23cm |
||
| 504 | _aIncludes; references and index. | ||
| 650 |
_aEngineering _9373 |
||
| 942 |
_2ddc _cO_SHELF |
||